000 00461nam a2200169 i 4500
001 81469
003 ES-MaACL
005 20230906174437.0
007 t|
008 041104s1902 fr ||||1| fre d
100 1 _aHuret, Jules.
_964764
245 1 4 _aLes gréves /
_cJules Huret ; préface de M. Millerand.
260 _aParis :
_bRevue Blanche,
_c1902.
300 _a401 p. ;
_c22 cm.
700 0 _aMillerand, Alexandre.
_981238
852 _aES-MaACL
_jD-5041
999 _c81469
_d81469